[Event "ODJM A 2025"]
[Site "Willingen GER"]
[Date "2025.06.11"]
[Round "6"]
[White "Walz, Fabian"]
[Black "Paeslack, Luis"]
[Result "1/2-1/2"]
[Termination "normal"]
[Board "11"]
[WhiteElo "1960"]
[BlackElo "2091"]
[WhiteClock "00:46:26"]
[BlackClock "00:01:21"]
[PlyCount "119"]
[WhiteFideId "34618520"]
[BlackFideId "12987760"]
[EventCountry "GER"]
[EventRounds "9"]
[EventType "swiss"]
[EventDate "2025.06.07"]

1. d4 {[%clk 01:30:51]} {[%emt 00:00:08]} Nf6 {[%clk 01:30:41]} {[%emt
00:00:19]} 2. c4 {[%clk 01:31:16]} {[%emt 00:00:06]} e6 {[%clk 01:29:05]}
{[%emt 00:02:05]} 3. g3 {[%clk 01:31:40]} {[%emt 00:00:07]} c5 {[%clk
01:28:36]} {[%emt 00:00:58]} 4. d5 {[%clk 01:31:37]} {[%emt 00:00:34]} d6
{[%clk 01:29:02]} {[%emt 00:00:04]} 5. Nc3 {[%clk 01:31:58]} {[%emt 00:00:09]}
exd5 {[%clk 01:27:40]} {[%emt 00:01:51]} 6. cxd5 {[%clk 01:32:19]} {[%emt
00:00:09]} g6 {[%clk 01:26:33]} {[%emt 00:01:37]} 7. Bg2 {[%clk 01:32:41]}
{[%emt 00:00:08]} Bg7 {[%clk 01:26:24]} {[%emt 00:00:39]} 8. Nf3 {[%clk
01:33:04]} {[%emt 00:00:06]} O-O {[%clk 01:25:44]} {[%emt 00:01:10]} 9. O-O
{[%clk 01:33:26]} {[%emt 00:00:09]} Re8 {[%clk 01:25:08]} {[%emt 00:01:06]} 10.
Nd2 {[%clk 01:29:47]} {[%emt 00:04:09]} a6 {[%clk 01:08:37]} {[%emt 00:17:02]}
11. a4 {[%clk 01:29:45]} {[%emt 00:00:31]} b6 {[%clk 01:03:19]} {[%emt
00:05:48]} 12. Nc4 {[%clk 01:28:30]} {[%emt 00:01:44]} Qc7 {[%clk 00:54:38]}
{[%emt 00:09:13]} 13. Bf4 {[%clk 01:22:32]} {[%emt 00:06:25]} Bf8 {[%clk
00:52:14]} {[%emt 00:02:58]} 14. e4 {[%clk 01:20:36]} {[%emt 00:02:24]} Nh5
{[%clk 00:46:18]} {[%emt 00:06:26]} 15. Bxd6 {[%clk 00:57:16]} {[%emt
00:23:50]} Bxd6 {[%clk 00:38:00]} {[%emt 00:08:48]} 16. f4 {[%clk 00:57:24]}
{[%emt 00:00:21]} Ra7 {[%clk 00:26:20]} {[%emt 00:12:11]} 17. e5 {[%clk
00:54:05]} {[%emt 00:03:50]} Bf8 {[%clk 00:25:10]} {[%emt 00:01:40]} 18. f5
{[%clk 00:51:35]} {[%emt 00:03:00]} Ng7 {[%clk 00:13:44]} {[%emt 00:11:55]} 19.
f6 {[%clk 00:49:35]} {[%emt 00:02:30]} Nf5 {[%clk 00:11:42]} {[%emt 00:02:33]}
20. d6 {[%clk 00:47:21]} {[%emt 00:02:43]} Qd8 {[%clk 00:09:44]} {[%emt
00:02:29]} 21. Nd5 {[%clk 00:44:10]} {[%emt 00:03:40]} Be6 {[%clk 00:05:02]}
{[%emt 00:05:12]} 22. Ndxb6 {[%clk 00:41:46]} {[%emt 00:02:53]} Ne3 {[%clk
00:04:49]} {[%emt 00:00:45]} 23. Nxe3 {[%clk 00:38:59]} {[%emt 00:03:17]} Qxb6
{[%clk 00:05:15]} {[%emt 00:00:03]} 24. Qd2 {[%clk 00:39:06]} {[%emt 00:00:22]}
Nc6 {[%clk 00:04:20]} {[%emt 00:01:27]} 25. Qc3 {[%clk 00:36:51]} {[%emt
00:02:44]} Nd4 {[%clk 00:03:55]} {[%emt 00:00:55]} 26. Kh1 {[%clk 00:36:41]}
{[%emt 00:00:38]} Rb8 {[%clk 00:03:55]} {[%emt 00:00:32]} 27. Rad1 {[%clk
00:35:24]} {[%emt 00:01:45]} Bb3 {[%clk 00:01:32]} {[%emt 00:02:55]} 28. a5
{[%clk 00:34:58]} {[%emt 00:00:57]} Qb4 {[%clk 00:01:27]} {[%emt 00:00:35]} 29.
Rd2 {[%clk 00:35:01]} {[%emt 00:00:25]} Bh6 {[%clk 00:01:20]} {[%emt 00:00:38]}
30. Rd3 {[%clk 00:29:08]} {[%emt 00:06:23]} Qxc3 {[%clk 00:01:01]} {[%emt
00:00:50]} 31. bxc3 {[%clk 00:29:31]} {[%emt 00:00:06]} Bxe3 {[%clk 00:00:54]}
{[%emt 00:00:37]} 32. cxd4 {[%clk 00:29:52]} {[%emt 00:00:09]} Bxd4 {[%clk
00:00:37]} {[%emt 00:00:48]} 33. Rb1 {[%clk 00:30:10]} {[%emt 00:00:10]} Bxe5
{[%clk 00:00:42]} {[%emt 00:00:27]} 34. Rdxb3 {[%clk 00:29:20]} {[%emt
00:01:20]} Rxb3 35. Rxb3 {[%clk 00:29:48]} Bxd6 {[%clk 00:00:51]} {[%emt
00:00:39]} 36. Rd3 {[%clk 00:28:50]} {[%emt 00:01:28]} Bf8 {[%clk 00:00:33]}
{[%emt 00:00:48]} 37. Bd5 {[%clk 00:28:06]} {[%emt 00:01:14]} h5 {[%clk
00:00:35]} {[%emt 00:00:27]} 38. Bc4 {[%clk 00:28:00]} {[%emt 00:00:36]} Kh7
{[%clk 00:00:33]} {[%emt 00:00:33]} 39. Rd5 {[%clk 00:27:59]} {[%emt 00:00:30]}
Ra8 {[%clk 00:00:36]} {[%emt 00:00:27]} 40. Rd7 {[%clk 00:28:19]} {[%emt
00:00:10]} Kh6 {[%clk 00:00:35]} {[%emt 00:00:31]} 41. Rxf7 {[%clk 00:28:31]}
{[%emt 00:00:17]} Kg5 {[%clk 00:29:45]} {[%emt 00:01:20]} 42. Be6 {[%clk
00:56:04]} {[%emt 00:02:57]} h4 {[%clk 00:20:59]} {[%emt 00:09:17]} 43. gxh4+
{[%clk 00:54:15]} {[%emt 00:02:19]} Kxh4 {[%clk 00:20:16]} {[%emt 00:01:13]}
44. Rc7 {[%clk 00:54:40]} {[%emt 00:00:05]} Kg5 {[%clk 00:14:12]} {[%emt
00:06:35]} 45. f7 {[%clk 00:54:46]} {[%emt 00:00:23]} Kf6 {[%clk 00:12:49]}
{[%emt 00:01:54]} 46. Rc6 {[%clk 00:55:03]} {[%emt 00:00:12]} Kg7 {[%clk
00:07:19]} {[%emt 00:06:00]} 47. Bc4 {[%clk 00:53:40]} {[%emt 00:01:53]} Be7
{[%clk 00:06:18]} {[%emt 00:01:31]} 48. Kg2 {[%clk 00:51:33]} {[%emt 00:02:36]}
Rb8 {[%clk 00:02:33]} {[%emt 00:04:16]} 49. Rxa6 {[%clk 00:51:19]} {[%emt
00:00:44]} Rb4 {[%clk 00:02:25]} {[%emt 00:00:38]} 50. Be6 {[%clk 00:51:06]}
{[%emt 00:00:41]} c4 {[%clk 00:01:50]} {[%emt 00:01:08]} 51. Rc6 {[%clk
00:50:16]} {[%emt 00:01:18]} Ra4 {[%clk 00:01:51]} {[%emt 00:00:30]} 52. a6
{[%clk 00:49:57]} {[%emt 00:00:49]} c3 {[%clk 00:01:45]} {[%emt 00:00:37]} 53.
Rxc3 {[%clk 00:48:26]} {[%emt 00:02:00]} Rxa6 {[%clk 00:02:02]} {[%emt
00:00:13]} 54. Bd5 {[%clk 00:48:29]} {[%emt 00:00:27]} Rd6 {[%clk 00:02:02]}
{[%emt 00:00:30]} 55. Rd3 {[%clk 00:47:03]} {[%emt 00:01:56]} Rd8 {[%clk
00:01:47]} {[%emt 00:00:45]} 56. Kf3 {[%clk 00:47:15]} {[%emt 00:00:18]} Rh8
{[%clk 00:01:52]} {[%emt 00:00:26]} 57. Kg2 {[%clk 00:47:21]} {[%emt 00:00:24]}
Rd8 {[%clk 00:02:12]} {[%emt 00:00:08]} 58. h3 {[%clk 00:47:45]} {[%emt
00:00:06]} Rh8 {[%clk 00:01:40]} {[%emt 00:01:04]} 59. Re3 {[%clk 00:47:47]}
{[%emt 00:00:27]} Rd8 {[%clk 00:01:21]} {[%emt 00:00:49]} 60. Rxe7 {[%clk
00:46:26]} {[%emt 00:01:50]} 1/2-1/2

[Event "ODJM A 2025"]
[Site "Willingen GER"]
[Date "2025.06.11"]
[Round "6"]
[White "Heimann, Alexander"]
[Black "Hoffmann, Kay"]
[Result "0-1"]
[Termination "normal"]
[Board "12"]
[WhiteElo "1930"]
[BlackElo "2123"]
[WhiteClock "00:00:31"]
[BlackClock "00:02:13"]
[PlyCount "74"]
[WhiteFideId "16215346"]
[BlackFideId "16227000"]
[EventCountry "GER"]
[EventRounds "9"]
[EventType "swiss"]
[EventDate "2025.06.07"]

1. Nf3 {[%clk 01:30:48]} {[%emt 00:00:11]} Nf6 {[%clk 01:30:54]} {[%emt
00:00:07]} 2. g3 {[%clk 01:30:33]} {[%emt 00:00:46]} e6 {[%clk 01:31:17]}
{[%emt 00:00:07]} 3. d4 {[%clk 01:30:14]} {[%emt 00:00:48]} d5 {[%clk
01:31:40]} {[%emt 00:00:08]} 4. Nbd2 {[%clk 01:29:19]} {[%emt 00:01:24]} Be7
{[%clk 01:31:23]} {[%emt 00:00:48]} 5. c4 {[%clk 01:28:50]} {[%emt 00:00:58]}
O-O {[%clk 01:31:12]} {[%emt 00:00:42]} 6. Bg2 {[%clk 01:28:11]} {[%emt
00:01:08]} b6 {[%clk 01:29:48]} {[%emt 00:01:55]} 7. O-O {[%clk 01:27:01]}
{[%emt 00:01:39]} Bb7 {[%clk 01:29:15]} {[%emt 00:01:03]} 8. b3 {[%clk
01:26:44]} {[%emt 00:00:48]} a5 {[%clk 01:27:27]} {[%emt 00:02:18]} 9. a4
{[%clk 01:17:37]} {[%emt 00:09:36]} Nc6 {[%clk 01:24:06]} {[%emt 00:03:52]} 10.
Bb2 {[%clk 01:15:12]} {[%emt 00:02:55]} Nb4 {[%clk 01:20:12]} {[%emt 00:04:24]}
11. Ne5 {[%clk 01:09:36]} {[%emt 00:06:06]} Rc8 {[%clk 01:14:12]} {[%emt
00:06:29]} 12. Nd3 {[%clk 01:04:21]} {[%emt 00:05:45]} Nxd3 {[%clk 01:08:39]}
{[%emt 00:06:04]} 13. exd3 {[%clk 01:03:20]} {[%emt 00:01:30]} Nd7 {[%clk
01:03:28]} {[%emt 00:05:40]} 14. Re1 {[%clk 00:53:07]} {[%emt 00:10:43]} Bf6
{[%clk 01:01:08]} {[%emt 00:02:51]} 15. Qc2 {[%clk 00:51:37]} {[%emt 00:02:00]}
Nb8 {[%clk 00:58:33]} {[%emt 00:03:05]} 16. Rad1 {[%clk 00:45:08]} {[%emt
00:06:59]} Nc6 {[%clk 00:56:07]} {[%emt 00:02:49]} 17. Nf3 {[%clk 00:44:18]}
{[%emt 00:01:27]} Nb4 {[%clk 00:51:35]} {[%emt 00:05:02]} 18. Qb1 {[%clk
00:43:25]} {[%emt 00:01:23]} Qe7 {[%clk 00:40:26]} {[%emt 00:11:39]} 19. Ne5
{[%clk 00:39:01]} {[%emt 00:04:54]} Rfd8 {[%clk 00:35:21]} {[%emt 00:05:36]}
20. Ng4 {[%clk 00:31:51]} {[%emt 00:07:40]} Ba8 {[%clk 00:29:51]} {[%emt
00:05:59]} 21. f4 {[%clk 00:24:50]} {[%emt 00:07:31]} h5 {[%clk 00:22:23]}
{[%emt 00:07:58]} 22. Nxf6+ {[%clk 00:21:51]} {[%emt 00:03:29]} Qxf6 {[%clk
00:22:48]} {[%emt 00:00:06]} 23. Re5 {[%clk 00:17:29]} {[%emt 00:04:51]} g6
{[%clk 00:18:35]} {[%emt 00:04:42]} 24. Re2 {[%clk 00:14:52]} {[%emt 00:03:07]}
Qf5 {[%clk 00:11:02]} {[%emt 00:08:03]} 25. Re5 {[%clk 00:14:00]} {[%emt
00:01:23]} Qf6 {[%clk 00:11:04]} {[%emt 00:00:28]} 26. Re2 {[%clk 00:14:18]}
{[%emt 00:00:12]} Nc6 {[%clk 00:04:40]} {[%emt 00:06:54]} 27. Qa1 {[%clk
00:12:55]} {[%emt 00:01:53]} Ne7 {[%clk 00:04:29]} {[%emt 00:00:41]} 28. Re5
{[%clk 00:11:59]} {[%emt 00:01:26]} Nf5 {[%clk 00:04:17]} {[%emt 00:00:43]} 29.
Qc1 {[%clk 00:10:49]} {[%emt 00:01:39]} Rd7 {[%clk 00:03:08]} {[%emt 00:01:38]}
30. Kh1 {[%clk 00:03:56]} {[%emt 00:07:23]} Nh6 {[%clk 00:01:53]} {[%emt
00:01:45]} 31. h3 {[%clk 00:03:41]} {[%emt 00:00:46]} Nf5 {[%clk 00:01:30]}
{[%emt 00:00:52]} 32. Kh2 {[%clk 00:02:29]} {[%emt 00:01:42]} Kh7 {[%clk
00:01:01]} {[%emt 00:01:00]} 33. Qa1 {[%clk 00:00:40]} {[%emt 00:02:19]} h4
{[%clk 00:00:58]} {[%emt 00:00:34]} 34. g4 {[%clk 00:00:39]} {[%emt 00:00:30]}
Ne3 {[%clk 00:01:17]} {[%emt 00:00:11]} 35. Re1 {[%clk 00:00:31]} {[%emt
00:00:38]} Qxf4+ {[%clk 00:01:39]} {[%emt 00:00:08]} 36. Kh1 {[%clk 00:00:38]}
{[%emt 00:00:23]} Nxg2 {[%clk 00:01:56]} {[%emt 00:00:13]} 37. Kxg2 {[%clk
00:00:31]} {[%emt 00:00:37]} dxc4+ {[%clk 00:02:13]} {[%emt 00:00:13]} 0-1

[Event "ODJM A 2025"]
[Site "Willingen GER"]
[Date "2025.06.11"]
[Round "6"]
[White "Uhlmann, Tim"]
[Black "Kraus, Linus"]
[Result "1-0"]
[Termination "normal"]
[Board "13"]
[WhiteElo "2118"]
[BlackElo "1886"]
[WhiteClock "01:16:03"]
[BlackClock "00:32:08"]
[PlyCount "100"]
[WhiteFideId "16239210"]
[BlackFideId "34629629"]
[EventCountry "GER"]
[EventRounds "9"]
[EventType "swiss"]
[EventDate "2025.06.07"]

1. e4 {[%clk 01:30:54]} {[%emt 00:00:06]} e6 {[%clk 01:30:54]} {[%emt
00:00:06]} 2. d4 {[%clk 01:31:19]} {[%emt 00:00:05]} d5 {[%clk 01:31:19]}
{[%emt 00:00:05]} 3. Nd2 {[%clk 01:31:36]} {[%emt 00:00:14]} dxe4 {[%clk
01:31:43]} {[%emt 00:00:06]} 4. Nxe4 {[%clk 01:32:03]} {[%emt 00:00:03]} Nd7
{[%clk 01:32:04]} {[%emt 00:00:09]} 5. Bd3 {[%clk 01:31:56]} {[%emt 00:00:37]}
c5 {[%clk 01:31:40]} {[%emt 00:00:54]} 6. dxc5 {[%clk 01:30:31]} {[%emt
00:01:56]} Nxc5 {[%clk 01:31:45]} {[%emt 00:00:25]} 7. Nxc5 {[%clk 01:30:40]}
{[%emt 00:00:21]} Bxc5 {[%clk 01:32:04]} {[%emt 00:00:10]} 8. Nf3 {[%clk
01:30:33]} {[%emt 00:00:38]} Nf6 {[%clk 01:32:25]} {[%emt 00:00:09]} 9. O-O
{[%clk 01:30:51]} {[%emt 00:00:12]} O-O {[%clk 01:32:49]} {[%emt 00:00:05]} 10.
b3 {[%clk 01:28:33]} {[%emt 00:02:48]} b6 {[%clk 01:27:45]} {[%emt 00:05:35]}
11. Bb2 {[%clk 01:28:31]} {[%emt 00:00:32]} Bb7 {[%clk 01:26:14]} {[%emt
00:02:01]} 12. Qe2 {[%clk 01:27:13]} {[%emt 00:01:49]} h6 {[%clk 01:25:18]}
{[%emt 00:01:25]} 13. Rad1 {[%clk 01:24:53]} {[%emt 00:02:50]} Qe7 {[%clk
01:25:30]} {[%emt 00:00:18]} 14. Ne5 {[%clk 01:23:01]} {[%emt 00:02:21]} Rfd8
{[%clk 01:19:49]} {[%emt 00:06:11]} 15. Ng4 {[%clk 01:16:18]} {[%emt 00:07:14]}
Nxg4 {[%clk 01:20:09]} {[%emt 00:00:11]} 16. Qxg4 {[%clk 01:16:44]} {[%emt
00:00:03]} Qg5 {[%clk 01:20:21]} {[%emt 00:00:16]} 17. Qxg5 {[%clk 01:17:03]}
{[%emt 00:00:13]} hxg5 {[%clk 01:20:44]} {[%emt 00:00:07]} 18. Bc1 {[%clk
01:14:38]} {[%emt 00:02:54]} Be7 {[%clk 01:13:35]} {[%emt 00:07:39]} 19. a4
{[%clk 01:12:17]} {[%emt 00:02:52]} Rd5 {[%clk 01:04:46]} {[%emt 00:09:18]} 20.
Bc4 {[%clk 01:09:37]} {[%emt 00:03:10]} Rxd1 {[%clk 01:05:03]} {[%emt
00:00:13]} 21. Rxd1 {[%clk 01:10:05]} {[%emt 00:00:02]} Rd8 {[%clk 01:05:08]}
{[%emt 00:00:24]} 22. Rxd8+ {[%clk 01:09:45]} {[%emt 00:00:52]} Bxd8 {[%clk
01:05:27]} {[%emt 00:00:10]} 23. f3 {[%clk 01:09:29]} {[%emt 00:00:47]} Be7
{[%clk 00:51:16]} {[%emt 00:14:40]} 24. Kf1 {[%clk 01:09:24]} {[%emt 00:00:35]}
Kf8 {[%clk 00:45:06]} {[%emt 00:06:40]} 25. Be3 {[%clk 01:08:48]} {[%emt
00:01:06]} Bc6 {[%clk 00:44:41]} {[%emt 00:00:55]} 26. Bd3 {[%clk 01:05:20]}
{[%emt 00:03:58]} f6 {[%clk 00:42:51]} {[%emt 00:02:20]} 27. h3 {[%clk
01:00:49]} {[%emt 00:05:01]} Bb4 {[%clk 00:36:36]} {[%emt 00:06:45]} 28. Ke2
{[%clk 00:59:44]} {[%emt 00:01:35]} Ke7 {[%clk 00:34:59]} {[%emt 00:02:07]} 29.
Be4 {[%clk 00:55:47]} {[%emt 00:04:27]} Bxe4 {[%clk 00:21:12]} {[%emt
00:14:17]} 30. fxe4 {[%clk 00:56:13]} {[%emt 00:00:05]} Kd7 {[%clk 00:20:17]}
{[%emt 00:01:26]} 31. Kd3 {[%clk 00:56:30]} {[%emt 00:00:13]} Kc6 {[%clk
00:19:20]} {[%emt 00:01:26]} 32. Kc4 {[%clk 00:55:32]} {[%emt 00:01:28]} Bd6
{[%clk 00:17:15]} {[%emt 00:02:35]} 33. b4 {[%clk 00:54:44]} {[%emt 00:01:19]}
a6 {[%clk 00:16:05]} {[%emt 00:01:39]} 34. b5+ {[%clk 00:55:10]} {[%emt
00:00:04]} axb5+ {[%clk 00:16:22]} {[%emt 00:00:13]} 35. axb5+ {[%clk
00:55:35]} {[%emt 00:00:05]} Kb7 {[%clk 00:16:10]} {[%emt 00:00:42]} 36. Kd3
{[%clk 00:54:52]} {[%emt 00:01:13]} Be5 {[%clk 00:15:36]} {[%emt 00:01:04]} 37.
c4 {[%clk 00:53:37]} {[%emt 00:01:46]} Bd6 {[%clk 00:14:44]} {[%emt 00:01:21]}
38. Bd4 {[%clk 00:52:22]} {[%emt 00:01:45]} Be7 {[%clk 00:12:23]} {[%emt
00:02:51]} 39. Ke2 {[%clk 00:50:33]} {[%emt 00:02:19]} e5 {[%clk 00:11:31]}
{[%emt 00:01:22]} 40. Be3 {[%clk 00:48:40]} {[%emt 00:02:24]} g6 {[%clk
00:11:39]} {[%emt 00:00:22]} 41. g4 {[%clk 00:49:05]} {[%emt 00:00:05]} Kc7
{[%clk 00:09:31]} {[%emt 00:02:38]} 42. Kd3 {[%clk 00:48:45]} {[%emt 00:00:50]}
Kb7 {[%clk 00:08:33]} {[%emt 00:01:28]} 43. Kc3 {[%clk 00:48:31]} {[%emt
00:00:43]} Kc7 {[%clk 00:08:42]} {[%emt 00:00:22]} 44. Kb3 {[%clk 00:47:08]}
{[%emt 00:01:51]} Bd8 {[%clk 00:30:26]} {[%emt 00:08:46]} 45. c5 {[%clk
01:15:58]} {[%emt 00:01:40]} bxc5 {[%clk 00:30:47]} {[%emt 00:00:10]} 46. Bxc5
{[%clk 01:16:24]} {[%emt 00:00:03]} Kd7 {[%clk 00:31:06]} {[%emt 00:00:12]} 47.
Kc4 {[%clk 01:16:45]} {[%emt 00:00:08]} Ke6 {[%clk 00:31:18]} {[%emt 00:00:17]}
48. b6 {[%clk 01:15:46]} {[%emt 00:01:30]} f5 {[%clk 00:31:44]} {[%emt
00:00:05]} 49. b7 {[%clk 01:15:37]} {[%emt 00:00:39]} Bc7 {[%clk 00:32:08]}
{[%emt 00:00:05]} 50. Ba7 {[%clk 01:16:03]} {[%emt 00:00:05]} Kd5+ {[%emt
00:00:36]} 1-0

[Event "ODJM A 2025"]
[Site "Willingen GER"]
[Date "2025.06.11"]
[Round "6"]
[White "Fellberg, Justus"]
[Black "Vollmar, Timo"]
[Result "0-1"]
[Termination "normal"]
[Board "14"]
[WhiteElo "1812"]
[BlackElo "1885"]
[WhiteClock "00:00:53"]
[BlackClock "00:10:20"]
[PlyCount "70"]
[WhiteFideId "34608990"]
[BlackFideId "16253582"]
[EventCountry "GER"]
[EventRounds "9"]
[EventType "swiss"]
[EventDate "2025.06.07"]

1. e4 {[%clk 01:30:58]} {[%emt 00:00:02]} c5 {[%clk 01:30:52]} {[%emt
00:00:08]} 2. Nf3 {[%clk 01:31:25]} {[%emt 00:00:03]} Nc6 {[%clk 01:31:15]}
{[%emt 00:00:07]} 3. Nc3 {[%clk 01:31:52]} {[%emt 00:00:03]} e5 {[%clk
01:31:06]} {[%emt 00:00:39]} 4. d3 {[%clk 01:31:58]} {[%emt 00:00:24]} Nf6
{[%clk 01:31:04]} {[%emt 00:00:32]} 5. g3 {[%clk 01:31:56]} {[%emt 00:00:33]}
Be7 {[%clk 01:23:55]} {[%emt 00:07:38]} 6. Bg2 {[%clk 01:31:39]} {[%emt
00:00:47]} O-O {[%clk 01:22:18]} 7. O-O {[%clk 01:29:24]} {[%emt 00:04:51]} d6
{[%clk 01:22:13]} 8. Bg5 {[%clk 01:23:58]} {[%emt 00:06:32]} Be6 {[%clk
01:18:51]} 9. Bxf6 {[%clk 01:20:59]} {[%emt 00:07:20]} Bxf6 {[%clk 01:19:16]}
10. Nd5 {[%clk 01:20:57]} {[%emt 00:00:38]} Be7 {[%clk 01:12:40]} 11. Nxe7+
{[%clk 01:10:28]} {[%emt 00:18:05]} Nxe7 {[%clk 01:10:56]} 12. c3 {[%clk
01:09:27]} {[%emt 00:03:45]} Bg4 {[%clk 01:02:55]} 13. h3 {[%clk 01:07:55]}
{[%emt 00:10:31]} Bxf3 {[%clk 01:02:05]} 14. Bxf3 {[%clk 01:08:08]} {[%emt
00:01:39]} Qb6 {[%clk 00:59:56]} 15. b3 {[%clk 01:04:09]} {[%emt 00:07:06]} Nc6
{[%clk 00:55:05]} 16. g4 {[%clk 01:01:59]} {[%emt 00:08:02]} Nd8 {[%clk
00:52:15]} 17. Qd2 {[%clk 00:59:41]} {[%emt 00:06:08]} Ne6 {[%clk 00:50:48]}
18. Rfd1 {[%clk 00:58:50]} {[%emt 00:03:18]} Qd8 {[%clk 00:46:28]} 19. Bg2
{[%clk 00:58:10]} {[%emt 00:06:00]} g6 {[%clk 00:41:26]} 20. Rac1 {[%clk
00:51:33]} {[%emt 00:12:38]} Kg7 {[%clk 00:40:53]} {[%emt 00:01:03]} 21. Rc2
{[%clk 00:50:43]} {[%emt 00:01:22]} Rh8 {[%clk 00:40:36]} {[%emt 00:00:47]} 22.
Qe3 {[%clk 00:47:55]} {[%emt 00:03:17]} h5 {[%clk 00:39:51]} {[%emt 00:01:15]}
23. f3 {[%clk 00:45:47]} {[%emt 00:02:38]} Qf6 {[%clk 00:32:23]} {[%emt
00:07:58]} 24. Rdd2 {[%clk 00:44:06]} {[%emt 00:02:13]} Rh7 {[%clk 00:31:42]}
{[%emt 00:01:10]} 25. Rf2 {[%clk 00:41:24]} {[%emt 00:03:12]} Qh4 {[%clk
00:30:31]} {[%emt 00:01:40]} 26. Qe1 {[%clk 00:27:55]} {[%emt 00:13:59]} Rah8
{[%clk 00:25:16]} {[%emt 00:05:45]} 27. Rf1 {[%clk 00:24:56]} {[%emt 00:03:30]}
Qf6 {[%clk 00:25:34]} {[%emt 00:00:11]} 28. Qe3 {[%clk 00:20:01]} {[%emt
00:05:26]} Qh4 {[%clk 00:22:40]} {[%emt 00:03:22]} 29. Rd2 {[%clk 00:19:16]}
{[%emt 00:01:17]} Nf4 {[%clk 00:22:16]} {[%emt 00:00:54]} 30. Qe1 {[%clk
00:15:49]} {[%emt 00:03:58]} Qd8 {[%clk 00:18:38]} {[%emt 00:04:06]} 31. d4
{[%clk 00:13:04]} {[%emt 00:03:16]} hxg4 {[%clk 00:18:46]} {[%emt 00:00:21]}
32. dxe5 {[%clk 00:07:46]} {[%emt 00:05:48]} Nxh3+ {[%clk 00:15:23]} {[%emt
00:03:53]} 33. Bxh3 {[%clk 00:05:52]} {[%emt 00:02:26]} Rxh3 {[%clk 00:15:46]}
{[%emt 00:00:06]} 34. Kf2 {[%clk 00:01:52]} {[%emt 00:04:30]} Rxf3+ {[%clk
00:12:13]} {[%emt 00:04:03]} 35. Kg2 {[%clk 00:00:53]} {[%emt 00:01:29]} Qg5
{[%clk 00:10:20]} {[%emt 00:02:22]} 0-1

[Event "ODJM A 2025"]
[Site "Willingen GER"]
[Date "2025.06.11"]
[Round "6"]
[White "Müller, Mark"]
[Black "Uhlmann, Jonas"]
[Result "1-0"]
[Termination "normal"]
[Board "15"]
[WhiteElo "2029"]
[BlackElo "1876"]
[WhiteClock "00:15:06"]
[BlackClock "01:16:33"]
[PlyCount "65"]
[WhiteFideId "12997218"]
[BlackFideId "16258576"]
[EventCountry "GER"]
[EventRounds "9"]
[EventType "swiss"]
[EventDate "2025.06.07"]

1. e4 {[%clk 01:30:57]} {[%emt 00:00:03]} e5 {[%clk 01:30:54]} {[%emt
00:00:08]} 2. Nf3 {[%clk 01:31:23]} {[%emt 00:00:03]} Nc6 {[%clk 01:31:20]}
{[%emt 00:00:04]} 3. Bb5 {[%clk 01:31:49]} {[%emt 00:00:03]} a6 {[%clk
01:31:44]} {[%emt 00:00:07]} 4. Ba4 {[%clk 01:32:14]} {[%emt 00:00:04]} Nf6
{[%clk 01:31:59]} {[%emt 00:00:14]} 5. O-O {[%clk 01:32:36]} {[%emt 00:00:09]}
Be7 {[%clk 01:32:23]} {[%emt 00:00:07]} 6. Re1 {[%clk 01:33:00]} {[%emt
00:00:05]} b5 {[%clk 01:32:50]} {[%emt 00:00:03]} 7. Bb3 {[%clk 01:33:25]}
{[%emt 00:00:06]} O-O {[%clk 01:33:16]} {[%emt 00:00:03]} 8. a4 {[%clk
01:33:48]} {[%emt 00:00:08]} b4 {[%clk 01:33:32]} {[%emt 00:00:14]} 9. a5
{[%clk 01:32:10]} {[%emt 00:02:08]} d5 {[%clk 01:33:49]} {[%emt 00:00:13]} 10.
exd5 {[%clk 01:31:03]} {[%emt 00:01:37]} Nxd5 {[%clk 01:34:12]} {[%emt
00:00:07]} 11. Nxe5 {[%clk 01:31:20]} {[%emt 00:00:13]} Nxe5 {[%clk 01:34:33]}
{[%emt 00:00:08]} 12. Rxe5 {[%clk 01:31:45]} {[%emt 00:00:05]} Bb7 {[%clk
01:33:45]} {[%emt 00:01:18]} 13. Qf3 {[%clk 01:15:08]} {[%emt 00:17:05]} Bd6
{[%clk 01:31:56]} {[%emt 00:02:21]} 14. Bxd5 {[%clk 00:47:30]} {[%emt
00:28:08]} Bxd5 {[%clk 01:32:13]} {[%emt 00:00:13]} 15. Rxd5 {[%clk 00:47:30]}
{[%emt 00:00:30]} Qe7 {[%clk 01:32:28]} {[%emt 00:00:16]} 16. Qd1 {[%clk
00:36:47]} {[%emt 00:11:10]} Rae8 {[%clk 01:32:27]} {[%emt 00:00:33]} 17. Qf1
{[%clk 00:31:42]} {[%emt 00:05:35]} Qe1 {[%clk 01:23:42]} {[%emt 00:09:16]} 18.
Rxd6 {[%clk 00:31:12]} {[%emt 00:01:01]} cxd6 {[%clk 01:24:00]} {[%emt
00:00:11]} 19. d3 {[%clk 00:30:41]} {[%emt 00:00:59]} Qe5 {[%clk 01:21:49]}
{[%emt 00:02:42]} 20. Nd2 {[%clk 00:29:19]} {[%emt 00:01:52]} Rc8 {[%clk
01:20:45]} {[%emt 00:01:34]} 21. Nc4 {[%clk 00:25:23]} {[%emt 00:04:26]} Qf6
{[%clk 01:19:21]} {[%emt 00:01:54]} 22. Ra4 {[%clk 00:23:44]} {[%emt 00:02:08]}
d5 {[%clk 01:19:06]} {[%emt 00:00:47]} 23. Ne3 {[%clk 00:23:54]} {[%emt
00:00:17]} Rb8 {[%clk 01:18:41]} {[%emt 00:00:57]} 24. b3 {[%clk 00:22:00]}
{[%emt 00:02:24]} Qc3 {[%clk 01:18:18]} {[%emt 00:00:53]} 25. Qd1 {[%clk
00:21:44]} {[%emt 00:00:45]} Rfe8 {[%clk 01:17:15]} {[%emt 00:01:35]} 26. Bd2
{[%clk 00:21:55]} {[%emt 00:00:18]} Qc5 {[%clk 01:17:38]} {[%emt 00:00:06]} 27.
g3 {[%clk 00:20:00]} {[%emt 00:02:22]} d4 {[%clk 01:17:38]} {[%emt 00:00:33]}
28. Nc4 {[%clk 00:19:50]} {[%emt 00:00:40]} Rb5 {[%clk 01:17:45]} {[%emt
00:00:24]} 29. Qf3 {[%clk 00:19:05]} {[%emt 00:01:13]} f6 {[%clk 01:17:01]}
{[%emt 00:01:15]} 30. Ra1 {[%clk 00:17:53]} {[%emt 00:01:40]} Rbb8 {[%clk
01:16:48]} {[%emt 00:00:45]} 31. h4 {[%clk 00:16:19]} {[%emt 00:02:04]} Kf7
{[%clk 01:16:50]} {[%emt 00:00:29]} 32. Bf4 {[%clk 00:15:06]} {[%emt 00:01:41]}
Rbd8 {[%clk 01:16:33]} {[%emt 00:00:48]} 33. Qb7+ {[%emt 00:04:12]} 1-0